Veikkausliiga-joukkueet - Äkkikuolema - Statistics

Yleistilastot
  • Tätä visaa on pelattu 123 kertaa
  • Keskiarvotulos 6 / 12
Answers on the Grid
Answers color-coded by a green-red scale on the quiz's grid according to % correct below.
AC Oulu
EIF
FC Haka
FC Honka
FC Inter
FC KTP
FC Lahti
FF Jaro
HJK
HPS
IF Gnistan
IFK Mariehamn
Ilves
Jippo
Jokerit
KuPS
Kuusysi
PK-35 Vantaa
RoPS
SJK
TPS
VIFK
VPS
Åland United
 
Vastaustilastot
Vastaus % Oikein
AC Oulu
71%
HJK
71%
Ilves
63%
FC Inter
60%
KuPS
45%
FC Haka
43%
IF Gnistan
43%
IFK Mariehamn
43%
SJK
42%
FC KTP
40%
VPS
40%
FF Jaro
38%
Ehtoja vastaavia visoja ei löytynyt
Tulosjakauma
Jokaisen tuloksen saaneiden osuus
Persentiili vastausten määrän mukaan
Tuloshistoriasi
Et ole pelannut tätä visaa